Islamic architecture in South Asia : (Record no. 549170)

000 -LEADER
fixed length control field 00712cam a2200181Ia 4500
020 ## - INTERNATIONAL STANDARD BOOK NUMBER
International Standard Book Number 0195790650
082 ## - DEWEY DECIMAL CLASSIFICATION NUMBER
Classification number 720
Author Mark AHM
-- N-1, P-90
100 1# - MAIN ENTRY--PERSONAL NAME
Personal name Khan, Ahmad Nabi.
9 (RLIN) 45700
245 10 - TITLE STATEMENT
Title Islamic architecture in South Asia :
Remainder of title Pakistan, India, Bangladesh /
Statement of responsibility, etc. Ahmad Nabi Khan ; foreword by R.E. Mortimer Wheeler.
260 ## - PUBLICATION, DISTRIBUTION, ETC.
Place of publication, distribution, etc. Oxford :
Name of publisher, distributor, etc. Oxford University Press,
Date of publication, distribution, etc. 2003.
300 ## - PHYSICAL DESCRIPTION
Extent xxviii, 310 p. :
Other physical details ill. (some col.) ;
Dimensions 29 cm.
526 ## - STUDY PROGRAM INFORMATION NOTE
Program name 0
Interest level 0
Reading level 0
Title point value 720_000000000000000_AHM
650 #0 - SUBJECT ADDED ENTRY--TOPICAL TERM
Topical term or geographic name entry element Islamic architecture
Geographic subdivision Bangladesh.
9 (RLIN) 45701
650 #0 - SUBJECT ADDED ENTRY--TOPICAL TERM
Topical term or geographic name entry element Islamic architecture
Geographic subdivision India.
9 (RLIN) 32194
650 #0 - SUBJECT ADDED ENTRY--TOPICAL TERM
Topical term or geographic name entry element Islamic architecture
Geographic subdivision Pakistan.
9 (RLIN) 45702
650 #0 - SUBJECT ADDED ENTRY--TOPICAL TERM
Topical term or geographic name entry element Islamic architecture
Geographic subdivision South Asia.
9 (RLIN) 45703
942 ## - ADDED ENTRY ELEMENTS (KOHA)
Source of classification or shelving scheme
Koha item type Book
Holdings
Withdrawn status Lost status Source of classification or shelving scheme Damaged status Not for loan Permanent Location Current Location Date acquired Total Checkouts Full call number Barcode Date last seen Price effective from Koha item type
          Military College of Engineering (MCE) Military College of Engineering (MCE) 09/18/2014   720 AHM MCE-36357 09/18/2014 09/18/2014 Book
© 2023 Central Library, National University of Sciences and Technology. All Rights Reserved.